[Event "IECC O email"]
[Site "IECC email"]
[Date "1999.08.18"]
[Round "?"]
[White "Thomas, Michael G"]
[Black "Boucher, Lewis"]
[Result "1/2-1/2"]
[WhiteElo "1200"]
[BlackElo "1000"]
[PlyCount "83"]
[EventDate "1999.??.??"]
[EventType "tourn (corr)"]
[EventRounds "6"]
[SourceTitle "Corr 2008"]
[Source "ChessBase"]
[SourceDate "2008.06.24"]
[SourceVersion "1"]
[SourceVersionDate "2008.06.24"]
[SourceQuality "1"]

1. e4 e5 2. Nf3 Qe7 3. Nc3 c6 4. d4 d6 5. d5 Bg4 6. h3 Bh5 7. Be3 Nf6 8. Be2 Nbd7 9. Qd3 Nc5 10. Bxc5 dxc5 11. 0-0-0 0-0-0 12. Qe3 cxd5 13. exd5 e4 14. Ng5 Bxe2 15. Qxe2 h6 16. Ngxe4 Nxe4 17. Nxe4 f5 18. Ng3 Qxe2 19. Nxe2 Be7 20. c4 Rhe8 21. Rd2 Bg5 22. f4 Bf6 23. Rhd1 Re4 24. b3 Rde8 25. Ng3 Rxf4 26. Nh5 Rh4 27. Nxf6 gxf6 28. Rf2 Re5 29. Rdf1 Rh5 30. g4 Rg5 31. Rxf5 Rexf5 32. Rxf5 Rxf5 33. gxf5 Kd7 34. Kc2 Kd6 35. Kc3 Ke5 36. b4 cxb4+ 37. Kxb4 Kxf5 38. Kc3 Ke5 39. a4 f5 40. h4 f4 41. Kd3 b6 42. Ke2 1/2-1/2